| 000 | 01052nam a2200277 a 4500 | ||
|---|---|---|---|
| 001 | BRL_1821 | ||
| 005 | 20190320211401.0 | ||
| 008 | 060815s1974----mx-a######---#000-0#spa-# | ||
| 041 | _aspa | ||
| 044 | _amx | ||
| 050 | 4 |
_aF1219.3.R38 _b.C78 1974 |
|
| 100 | 1 |
_aCrumenbrine, N. Ross _927966 |
|
| 245 | 1 | 0 |
_aEl ceremonial de Pascua y la identidad de los mayos de Sonora (México) _cN. Ross Crumrine ; traducción de Carlos Rubio López de la Llave |
| 260 |
_aMéxico _bInstituto Nacional Indigenista, SEP _c1974 |
||
| 300 |
_a363 p. _bil. _c21 cm. |
||
| 440 | 0 |
_aColección SEP-INI _pSerie Antropología Social _vno.31 _927967 |
|
| 500 | _aAu2059 | ||
| 504 | _aBibliografía: p. 340-347 | ||
| 650 | 1 | 4 |
_aPascua de resurreción _zMéxico (Sonora) _927968 |
| 650 | 1 | 4 |
_aMayos _xRitos y ceremonias _927969 |
| 650 | 1 | 4 |
_aIndígenas de México _xReligion y mitología _zSonora _927970 |
| 650 | 1 | 4 |
_aIndígenas de México _xVida social y costumbres _zSonora _927971 |
| 700 | 1 |
_aRubio López de la Llave, Carlos _etr. _927972 |
|
| 902 | _aGRL | ||
| 942 |
_2lcc _cB |
||
| 999 |
_c10629 _d10629 |
||